[Event "FIDE Grand Swiss 2021"]
[Site "Riga"]
[Date "31.10.2021"]
[Round "5"]
[White "Firouzja, Alireza"]
[Black "Vachier-Lagrave, Maxime"]
[Result "1/2-1/2"]
[WhiteElo "2770"]
[BlackElo "2763"]

1. e4 c5 2. Nf3 d6 3. d4 cxd4 4. Nxd4 Nf6 5. Nc3 a6 6. a4 e5 7. Nf3 Be7 8.
Bg5 Be6 9. Bxf6 Bxf6 10. Nd5 Nd7 11. Bc4 Rc8 12. b3 Nb6 13. Nxf6+ Qxf6 14.
Bxe6 Qxe6 15. O-O O-O 16. c4 Nd7 17. Nd2 Nc5 18. Re1 f5 19. exf5 Qxf5 20.
f3 Nd3 21. Rf1 Rfd8 22. Ne4 Nf4 23. Ra2 d5 24. cxd5 Rxd5 25. Rd2 Rcd8 26.
Rxd5 Rxd5 27. Qc2 Qd7 28. Rc1 h6 29. Qc8+ Kh7 30. Qxd7 Rxd7 31. Kf1 1/2-1/2

[Event "FIDE Grand Swiss 2021"]
[Site "Riga"]
[Date "31.10.2021"]
[Round "5"]
[White "Tari, Aryan"]
[Black "Yu, Yangyi"]
[Result "1/2-1/2"]
[WhiteElo "2646"]
[BlackElo "2704"]

1. e4 e5 2. Nf3 Nf6 3. Nxe5 d6 4. Nf3 Nxe4 5. d4 d5 6. Bd3 Nc6 7. O-O Be7
8. Nbd2 Nd6 9. c3 Bf5 10. Bc2 O-O 11. Bb3 Ne8 12. Re1 Bd6 13. Nf1 Ne7 14.
Nh4 Bd7 15. Bc2 c6 16. Ng3 g6 17. Bh6 Ng7 18. Qd2 f6 19. Re3 Qc7 20. Rae1
Rae8 21. Nf3 Nc8 22. Rxe8 Rxe8 23. Rxe8+ Bxe8 24. Ne2 Bd7 25. h4 Bg4 26.
Ne1 Nf5 27. Bxf5 Bxf5 28. Bf4 Bxf4 29. Nxf4 Nd6 30. Ned3 Qe7 31. b3 h6 32.
f3 g5 33. hxg5 hxg5 34. Ne2 Kg7 35. g4 Bg6 36. Kf2 a5 37. Ng3 Kf7 38. a4
Ke8 39. Qe3 b6 40. Qxe7+ Kxe7 41. Ke3 Nb7 42. Nf1 c5 43. Nd2 Kd6 44. Ne1
Nd8 45. f4 gxf4+ 46. Kxf4 Ne6+ 47. Ke3 Kc6 48. Nd3 Bh7 49. Nf4 Nxf4 50.
Kxf4 cxd4 51. cxd4 b5 52. g5 fxg5+ 53. Kxg5 Bc2 54. Kf4 bxa4 55. bxa4 Bxa4
56. Nb1 Bc2 57. Na3 Be4 58. Ke3 Kb6 59. Kd2 a4 60. Kc3 Ka5 61. Nc4+ dxc4
62. Kxc4 Bd5+ 63. Kc3 a3 64. Kc2 Ba2 65. d5 Kb5 66. d6 Kc6 67. Kc3 Be6 68.
Kc2 Kxd6 69. Kb1 Kc5 1/2-1/2

[Event "FIDE Grand Swiss 2021"]
[Site "Riga"]
[Date "31.10.2021"]
[Round "5"]
[White "Ponkratov, Pavel"]
[Black "Sevian, Samuel"]
[Result "1/2-1/2"]
[WhiteElo "2659"]
[BlackElo "2654"]

1. d4 Nf6 2. c4 e6 3. Nf3 d5 4. g3 dxc4 5. Bg2 c5 6. O-O Nc6 7. Ne5 Bd7 8.
Na3 cxd4 9. Naxc4 Be7 10. Qb3 Qc7 11. Bf4 Nh5 12. Nxc6 Nxf4 13. Nxe7 Nxg2
14. Rfd1 Qc5 15. Rac1 Kxe7 16. Nd2 Qb6 17. Qa3+ Qd6 18. Rc5 Qa6 19. Ra5+
Qd6 20. Rc5 Qa6 21. Ra5+ Qd6 22. Rc5 Qa6 1/2-1/2

[Event "FIDE Grand Swiss 2021"]
[Site "Riga"]
[Date "31.10.2021"]
[Round "5"]
[White "Hovhannisyan, Robert"]
[Black "Najer, Evgeniy"]
[Result "0-1"]
[WhiteElo "2622"]
[BlackElo "2654"]

1. e4 c5 2. Nf3 d6 3. d4 cxd4 4. Nxd4 Nf6 5. Nc3 a6 6. Bg5 Nbd7 7. Bc4 Qb6
8. Bb3 e6 9. Bxf6 Nxf6 10. Qd2 Nd7 11. O-O-O Nc5 12. f4 Bd7 13. f5 O-O-O
14. Kb1 Kb8 15. Qe3 Nxb3 16. cxb3 Be7 17. Qg3 Bf6 18. Nf3 Bc8 19. fxe6 Bxe6
20. Rd3 Rd7 21. Na4 Qb4 22. a3 Qa5 23. Rxd6 Rc7 24. Rd3 Bxb3 25. Rxb3 Qxa4
26. Nd2 Qd4 27. Qd3 Rd8 28. Qxd4 Rxd4 29. e5 Bxe5 30. Nf3 Rd5 31. Nxe5 Rxe5
32. h4 Rce7 33. Rhh3 Re4 34. Rhg3 f6 35. h5 Rh4 36. Rh3 Rxh3 37. Rxh3 Re5
38. Rg3 Rg5 39. Rxg5 fxg5 40. Kc2 Kc7 41. Kd3 Kd6 42. Kd4 h6 43. a4 Ke6 44.
a5 g6 45. hxg6 Kf6 46. b4 h5 47. b5 axb5 48. Kc5 h4 0-1

[Event "FIDE Grand Swiss 2021"]
[Site "Riga"]
[Date "31.10.2021"]
[Round "5"]
[White "Petrosyan, Manuel"]
[Black "Nihal, Sarin"]
[Result "1/2-1/2"]
[WhiteElo "2605"]
[BlackElo "2652"]

1. Nf3 d5 2. g3 g6 3. Bg2 Bg7 4. d4 Nf6 5. O-O O-O 6. c4 dxc4 7. Na3 c5 8.
dxc5 c3 9. Nb5 Na6 10. Nxc3 Nxc5 11. Be3 Nfe4 12. Nxe4 Nxe4 13. Bd4 Bxd4
14. Nxd4 Nd6 15. Qb3 Qa5 16. Qe3 Re8 17. Rfc1 e5 18. Nb3 Qb6 19. Qxb6 axb6
20. Bd5 Kf8 21. a3 Bf5 22. f3 Rac8 23. Kf2 Ke7 24. Nd2 Red8 25. e4 Be6 26.
Bxe6 Kxe6 27. Ke3 b5 28. Rxc8 Rxc8 29. Kd3 f5 30. Re1 f4 31. g4 Nc4 32.
Nxc4 bxc4+ 33. Ke2 Rd8 34. Rc1 Rd4 35. b3 Rd3 36. bxc4 Rxa3 37. Rb1 Ra2+
38. Kf1 Rxh2 1/2-1/2

[Event "FIDE Grand Swiss 2021"]
[Site "Riga"]
[Date "31.10.2021"]
[Round "5"]
[White "Caruana, Fabiano"]
[Black "Howell, David W L"]
[Result "1-0"]
[WhiteElo "2800"]
[BlackElo "2658"]

1. e4 e5 2. Nf3 Nc6 3. Bb5 Nf6 4. d3 Bc5 5. c3 O-O 6. O-O d6 7. Bg5 h6 8.
Bh4 g5 9. Bg3 Nh5 10. Nbd2 Qf6 11. Bxc6 bxc6 12. d4 exd4 13. e5 Qg7 14.
cxd4 Bb6 15. a4 a5 16. Nc4 Be6 17. Rc1 Nxg3 18. hxg3 Bxc4 19. Rxc4 Rad8 20.
Re1 Rfe8 21. exd6 Rxe1+ 22. Qxe1 Rxd6 23. Rxc6 Rxc6 24. Qe8+ Kh7 25. Qxc6
Qg6 26. Qd7 Kg7 27. Ne5 Qe6 28. Qxe6 fxe6 29. Nc4 Kf6 30. Nxb6 cxb6 31. g4
e5 32. dxe5+ Kxe5 33. g3 Kd4 34. f4 1-0

[Event "FIDE Grand Swiss 2021"]
[Site "Riga"]
[Date "31.10.2021"]
[Round "5"]
[White "Oparin, Grigoriy"]
[Black "Aronian, Levon"]
[Result "1/2-1/2"]
[WhiteElo "2654"]
[BlackElo "2782"]

1. e4 e5 2. Nf3 Nf6 3. d4 Nxe4 4. Bd3 d5 5. Nxe5 Nd7 6. Nc3 Nxc3 7. bxc3
Bd6 8. O-O O-O 9. Re1 c5 10. Nxd7 Qxd7 11. dxc5 Bxc5 12. Qh5 g6 13. Qh4 Qc6
14. Bh6 Re8 15. Qf6 Bf8 16. Qxc6 Rxe1+ 17. Rxe1 bxc6 18. Re8 Bb7 19. Rxa8
Bxa8 20. Bxf8 Kxf8 21. c4 c5 22. cxd5 Bxd5 23. c4 Be6 24. f4 f5 25. Kf2 Ke7
26. Ke3 Kd6 27. g3 Bd7 28. Kd2 Bc6 29. Kc3 Kc7 30. h4 h5 1/2-1/2

[Event "FIDE Grand Swiss 2021"]
[Site "Riga"]
[Date "31.10.2021"]
[Round "5"]
[White "Vitiugov, Nikita"]
[Black "Sarana, Alexey"]
[Result "1/2-1/2"]
[WhiteElo "2727"]
[BlackElo "2649"]

1. e4 c5 2. Nf3 d6 3. d4 cxd4 4. Nxd4 Nf6 5. Nc3 a6 6. Be2 e5 7. Nb3 Be7 8.
O-O O-O 9. Be3 Be6 10. Re1 h6 11. a4 Nc6 12. Bf3 Na5 13. Nxa5 Qxa5 14. Bd2
Qc5 15. a5 Rac8 16. Be3 Qb4 17. Qc1 Bd7 18. Rd1 Bc6 19. h3 Rfe8 20. Bd2 Qc5
21. Be3 Qb4 22. Bd2 Qc5 23. Be3 Qb4 1/2-1/2

[Event "FIDE Grand Swiss 2021"]
[Site "Riga"]
[Date "31.10.2021"]
[Round "5"]
[White "Donchenko, Alexander"]
[Black "Esipenko, Andrey"]
[Result "1/2-1/2"]
[WhiteElo "2648"]
[BlackElo "2720"]

1. d4 Nf6 2. c4 e6 3. Nc3 Bb4 4. f3 d6 5. e4 c5 6. d5 O-O 7. Ne2 b5 8. Nf4
exd5 9. Nxd5 Bb7 10. Nxb4 cxb4 11. Nd5 Nxd5 12. cxd5 f5 13. Bd3 fxe4 14.
Bxe4 Nd7 15. O-O Nc5 16. Be3 Nxe4 17. fxe4 Rxf1+ 18. Qxf1 Qe7 19. Qxb5 Qxe4
20. Qxb7 Qxe3+ 21. Kh1 Rf8 22. Qxb4 Qd3 23. h3 Qxd5 24. Qa4 Rf2 25. Qe8+
Rf8 26. Qa4 Rf2 27. Qe8+ Rf8 28. Qa4 Rf2 1/2-1/2

[Event "FIDE Grand Swiss 2021"]
[Site "Riga"]
[Date "31.10.2021"]
[Round "5"]
[White "Harikrishna, Pentala"]
[Black "Swiercz, Dariusz"]
[Result "1/2-1/2"]
[WhiteElo "2719"]
[BlackElo "2647"]

1. e4 c5 2. Nf3 d6 3. d4 cxd4 4. Nxd4 Nf6 5. Nc3 a6 6. Bd3 e5 7. Nde2 Be7
8. O-O O-O 9. Ng3 Be6 10. f4 exf4 11. Bxf4 Nbd7 12. Kh1 Ne5 13. Nf5 Bxf5
14. exf5 Re8 15. Be2 Rc8 16. Bg5 h6 17. Be3 d5 18. Bf3 Bc5 19. Bf4 Nxf3 20.
Qxf3 d4 21. Rad1 Qd7 22. Ne2 Qxf5 23. Ng3 Qd5 24. Qd3 Ne4 25. c3 Rcd8 26.
b4 Bf8 27. c4 Nxg3+ 28. Bxg3 Qe4 29. a3 Qxd3 30. Rxd3 g6 31. Kg1 Re4 32.
Rfd1 f5 33. Bf2 Bg7 34. a4 Kf7 35. b5 Bf6 36. Kf1 h5 37. Rc1 Rc8 38. c5
axb5 39. axb5 Ke6 40. c6 bxc6 41. bxc6 Be5 42. Rb3 Bxh2 43. g3 f4 44. c7
Kd7 45. Rd1 Rxc7 46. Bxd4 Ke6 47. Rb6+ Kf5 48. g4+ hxg4 49. Rb5+ Ke6 50.
Rb6+ Kf5 51. Rb5+ Ke6 52. Rb6+ Kf7 53. Rf6+ Ke8 54. Rxg6 f3 55. Bf2 Kf7 56.
Rg5 Be5 57. Re1 Bf6 58. Rxe4 Bxg5 59. Rxg4 Bd2 60. Be1 Rc1 61. Re4 Kg6 62.
Kf2 Bxe1+ 63. Rxe1 Rxe1 64. Kxe1 Kf5 65. Kf2 Kf4 66. Kf1 Ke3 67. Ke1 f2+
68. Kf1 Kf3 1/2-1/2

[Event "FIDE Grand Swiss 2021"]
[Site "Riga"]
[Date "31.10.2021"]
[Round "5"]
[White "Abdusattorov, Nodirbek"]
[Black "Dubov, Daniil"]
[Result "1/2-1/2"]
[WhiteElo "2646"]
[BlackElo "2714"]

1. c4 e5 2. g3 Nc6 3. Nc3 g6 4. Rb1 a5 5. a3 Bg7 6. b4 axb4 7. axb4 Nf6 8.
Bg2 O-O 9. d3 Ne7 10. Qb3 c6 11. Nf3 d5 12. Nxe5 Nf5 13. O-O Re8 14. Nf3
Be6 15. Ng5 dxc4 16. dxc4 Bc8 17. e3 Ng4 18. Nce4 h6 19. Nh3 g5 20. Bb2 Qe7
21. Rfe1 Bxb2 22. Qxb2 Nd6 23. Nxd6 Qxd6 24. Rbd1 Qf6 25. Qxf6 Nxf6 26. f4
gxf4 27. Nxf4 Ra4 28. Rd6 Kg7 29. Rf1 Be6 30. Nxe6+ Rxe6 31. Rd4 Rxb4 32.
Rdf4 b5 33. Bh3 Rd6 34. e4 Rxc4 35. e5 Rxf4 36. gxf4 Rd3 37. exf6+ Kxf6 38.
Kg2 c5 39. Ra1 c4 40. Ra6+ Kg7 41. Bf5 Rd2+ 42. Kg3 b4 43. Rc6 c3 44. h4
Rd1 45. Rb6 Rc1 46. Kg4 Rg1+ 47. Kf3 Rc1 48. Ke2 c2 49. Kd2 Rd1+ 50. Kxc2
Rd4 51. h5 Rxf4 52. Bd3 Rh4 53. Be2 Rd4 54. Rc6 Re4 55. Kd2 Re5 56. Rc7 Kf6
57. Rb7 Rg5 58. Rxb4 Kg7 59. Rb7 Kf6 60. Ke3 Re5+ 61. Kf2 Kg7 62. Bg4 Rg5
63. Kg3 Re5 64. Kf4 Rg5 65. Rd7 Kf6 66. Kg3 Re5 67. Bf3 Rg5+ 68. Kh4 Rf5
69. Bd5 Kg7 70. Be6 Rf6 71. Bb3 Rf4+ 72. Kg3 Rf5 73. Kg4 Rg5+ 74. Kh4 Rf5
75. Bc2 Rf4+ 76. Kg3 Rf6 77. Kg4 Rf1 78. Be4 Kf6 79. Bg2 Rf2 80. Bf3 Rf1
81. Kg3 Rg1+ 82. Bg2 Re1 83. Bd5 Re7 84. Rd6+ Kg5 85. Rd8 Re3+ 86. Bf3 Kf6
87. Kf4 Re5 88. Rd6+ Re6 89. Rd5 Re1 90. Ra5 Rg1 91. Ra6+ Kg7 92. Ra7 Rg5
93. Rd7 Rg1 94. Be2 Rg2 95. Bg4 Rf2+ 96. Bf3 Rb2 97. Ke5 Rf2 98. Rd3 Rf1
99. Bd5 Rf2 100. Kd6 Kf8 101. Kd7 Rf5 102. Bb3 Rf2 103. Rd6 Kg7 104. Ke7
1/2-1/2

[Event "FIDE Grand Swiss 2021"]
[Site "Riga"]
[Date "31.10.2021"]
[Round "5"]
[White "Alekseenko, Kirill"]
[Black "Deac, Bogdan-Daniel"]
[Result "0-1"]
[WhiteElo "2710"]
[BlackElo "2643"]

1. e4 e5 2. Nf3 Nc6 3. Bc4 Bc5 4. c3 Nf6 5. d3 d6 6. Bg5 h6 7. Bh4 a6 8.
Nbd2 Qe7 9. O-O Ba7 10. b4 Be6 11. a4 O-O 12. Kh1 Bxc4 13. Nxc4 Qe6 14. b5
Ne7 15. Bxf6 Qxf6 16. Rb1 Qe6 17. b6 cxb6 18. Nxb6 Rad8 19. Qb3 Qxb3 20.
Rxb3 f5 21. exf5 Rxf5 22. Nc4 Nd5 23. Rxb7 Rf7 24. Rxf7 Kxf7 25. Rb1 Ke6
26. Rb3 Rb8 27. Rxb8 Bxb8 28. Kg1 Nxc3 29. Nb2 d5 30. Ne1 Kd6 31. Nc2 Kc5
32. Kf1 Kb6 33. Ke1 Ka5 34. Kd2 Nxa4 35. Nxa4 Kxa4 36. Ne3 Kb3 37. Nxd5 a5
38. Nb6 a4 0-1

[Event "FIDE Grand Swiss 2021"]
[Site "Riga"]
[Date "31.10.2021"]
[Round "5"]
[White "Sasikiran, Krishnan"]
[Black "Fedoseev, Vladimir"]
[Result "1-0"]
[WhiteElo "2640"]
[BlackElo "2704"]

1. e4 e6 2. d4 d5 3. Nc3 Bb4 4. Ne2 Ne7 5. a3 Ba5 6. b4 Bb6 7. Bb2 O-O 8.
g3 a5 9. b5 f5 10. e5 a4 11. Nf4 c5 12. Bg2 cxd4 13. Nce2 Ra5 14. Qd3 Qe8
15. Nxd4 Bxd4 16. Bxd4 Bd7 17. Qc3 b6 18. Rb1 Ng6 19. Nxg6 Qxg6 20. Qd3 Qe8
21. Bf1 Qc8 22. Qe3 Qb7 23. f3 Rc8 24. Bd3 Be8 25. Bxb6 Ra8 26. O-O Rc3 27.
Bc5 Nd7 28. Bb4 Rcc8 29. Bd6 Bh5 30. b6 Rc6 31. Bc7 Rxc7 32. bxc7 Qxc7 33.
Rfe1 Rd8 34. Rb4 Nc5 35. Bf1 h6 36. Rd4 Bg6 37. Rd2 Rb8 38. Qc3 Qb6 39. Qd4
Qa5 40. Red1 Bh5 41. Rf2 Kh7 42. Kg2 Kg8 43. c4 Nb3 44. Qh4 Bf7 45. cxd5
exd5 46. Qe7 d4 47. e6 Bg6 48. Rc2 Re8 49. Qd7 Kh7 50. Rc7 Rg8 51. e7 Be8
52. Qd6 Bf7 53. e8=Q 1-0

[Event "FIDE Grand Swiss 2021"]
[Site "Riga"]
[Date "31.10.2021"]
[Round "5"]
[White "Tabatabaei, M. Amin"]
[Black "Artemiev, Vladislav"]
[Result "1/2-1/2"]
[WhiteElo "2639"]
[BlackElo "2699"]

1. e4 e5 2. Nf3 Nc6 3. Bb5 Nf6 4. d3 d6 5. O-O Be7 6. Re1 O-O 7. c3 a6 8.
Ba4 Re8 9. Nbd2 Bf8 10. Nf1 h6 11. Ng3 b5 12. Bc2 d5 13. a4 dxe4 14. dxe4
Qxd1 15. Rxd1 b4 16. a5 bxc3 17. bxc3 Rb8 18. h3 Rb5 19. Ba4 Rxa5 20. Be3
Bd7 21. Bxc6 Rxa1 22. Rxa1 Bxc6 23. Rxa6 Bb7 24. Ra7 Bxe4 25. Nxe4 Nxe4 26.
Rxc7 f5 27. c4 f4 28. Bb6 Ra8 29. Rc6 Ra1+ 30. Kh2 Bd6 31. Rc8+ Kh7 32. c5
Bxc5 33. Bxc5 1/2-1/2

[Event "FIDE Grand Swiss 2021"]
[Site "Riga"]
[Date "31.10.2021"]
[Round "5"]
[White "Navara, David"]
[Black "Gukesh, D"]
[Result "1-0"]
[WhiteElo "2691"]
[BlackElo "2640"]

1. e4 c5 2. Nf3 Nc6 3. Nc3 e5 4. Bc4 Be7 5. d3 d6 6. O-O h6 7. Nd5 Nf6 8.
c3 O-O 9. a3 Nxd5 10. Bxd5 Bf6 11. b4 Ne7 12. Bb3 b6 13. Re1 Bb7 14. bxc5
dxc5 15. d4 Qc7 16. h4 cxd4 17. cxd4 exd4 18. e5 Bxf3 19. Qxf3 Bxe5 20.
Bxf7+ Kh8 21. Qh5 Nf5 22. Bg6 Qc3 23. Bxh6 Nxh6 24. Qxe5 Rxf2 25. Rac1 Qxa3
26. Rc7 Rf6 27. Be4 Rd8 28. Qg5 Qf8 29. Bd3 Ng8 30. Rxa7 Rc8 31. Qg4 Rh6
32. Rf7 Qxf7 33. Qxc8 b5 34. Bxb5 d3 35. Bc4 d2 36. Rd1 Qa7+ 37. Kh2 Rxh4+
38. Kg3 Qe3+ 39. Kxh4 Qf4+ 40. Kh3 Qh6+ 41. Kg4 1-0

[Event "FIDE Grand Swiss 2021"]
[Site "Riga"]
[Date "31.10.2021"]
[Round "5"]
[White "Wojtaszek, Radoslaw"]
[Black "Keymer, Vincent"]
[Result "1/2-1/2"]
[WhiteElo "2691"]
[BlackElo "2630"]

1. c4 Nf6 2. g3 e6 3. Bg2 d5 4. d4 Bb4+ 5. Nd2 O-O 6. Nf3 dxc4 7. Qc2 a5 8.
a3 Bxd2+ 9. Bxd2 b5 10. a4 c6 11. h4 h6 12. Ne5 Qxd4 13. Nxc6 Nxc6 14. Bxc6
Rb8 15. axb5 Bb7 16. Bc3 Qc5 17. Bxb7 Rxb7 18. Rxa5 Rxb5 19. Rxb5 Qxb5 20.
Bxf6 gxf6 21. O-O Rb8 22. Rc1 Qd5 23. Qxc4 Qxc4 24. Rxc4 Rxb2 25. e3 f5 26.
Kg2 Ra2 27. g4 fxg4 28. Rxg4+ Kf8 29. Rf4 Kg7 30. Rg4+ Kf8 31. Rf4 1/2-1/2

[Event "FIDE Grand Swiss 2021"]
[Site "Riga"]
[Date "31.10.2021"]
[Round "5"]
[White "Brkic, Ante"]
[Black "Korobov, Anton"]
[Result "0-1"]
[WhiteElo "2621"]
[BlackElo "2690"]

1. e4 c5 2. Nf3 d6 3. d4 cxd4 4. Nxd4 Nf6 5. Nc3 a6 6. Be3 e6 7. Be2 Be7 8.
g4 Nfd7 9. a3 O-O 10. Qd2 b5 11. g5 Bb7 12. f4 Nc6 13. O-O-O Rb8 14. Rhg1
b4 15. Nxc6 Bxc6 16. axb4 Rxb4 17. Nd5 Rxe4 18. Nxe7+ Qxe7 19. Rg3 d5 20.
Bd4 Qd6 21. Rg4 f5 22. gxf6 Nxf6 23. Rh4 Be8 24. Bf3 Bg6 25. Rg1 Rxd4 26.
Qxd4 Rc8 27. f5 Bxf5 28. Qxf6 Rxc2+ 29. Kd1 Qc7 30. Rxg7+ Qxg7 31. Qd8+ Qf8
32. Qg5+ Kh8 33. Be4 Rc4 34. Bxf5 Rxh4 35. Qxh4 Qxf5 36. Qd4+ Kg8 37. b4
Qf3+ 38. Kc1 Qh1+ 39. Kb2 Qxh2+ 40. Ka3 Qd6 0-1

[Event "FIDE Grand Swiss 2021"]
[Site "Riga"]
[Date "31.10.2021"]
[Round "5"]
[White "Kryvoruchko, Yuriy"]
[Black "Chigaev, Maksim"]
[Result "1/2-1/2"]
[WhiteElo "2686"]
[BlackElo "2639"]

1. e4 c5 2. Nf3 d6 3. d4 cxd4 4. Nxd4 Nf6 5. Nc3 a6 6. Bd3 e5 7. Nde2 Be7
8. O-O Be6 9. f4 exf4 10. Nxf4 Nc6 11. Be3 Ne5 12. a4 O-O 13. Bd4 Rc8 14.
h3 Re8 15. Kh1 Nfd7 16. Ncd5 Bg5 17. a5 Nc6 18. Bc3 Nce5 19. Qe2 Nf6 20.
Qf2 Bxd5 21. Nxd5 Nxd5 22. exd5 Rc7 23. Bd4 Rce7 24. Qf5 Nxd3 25. Qxg5 Ne5
26. c4 f6 27. Qg3 Ng6 28. Rae1 Re4 29. Bc3 Rxc4 30. Rxe8+ Qxe8 31. Qxd6 Re4
32. Qc7 Re7 33. Qc5 Qb5 34. Qxb5 axb5 35. d6 Rd7 36. Rf5 Rxd6 37. Rxb5 Rd7
38. b4 Kf7 39. Rc5 Ke6 40. b5 Rd5 41. Rc7 Rxb5 42. Rxg7 Rc5 43. Bd4 Rd5 44.
Bb6 Rd7 45. Rg8 f5 46. Kh2 f4 47. Kg1 1/2-1/2

[Event "FIDE Grand Swiss 2021"]
[Site "Riga"]
[Date "31.10.2021"]
[Round "5"]
[White "Moussard, Jules"]
[Black "Predke, Alexandr"]
[Result "0-1"]
[WhiteElo "2632"]
[BlackElo "2666"]

1. e4 e5 2. Nf3 Nc6 3. Bc4 Bc5 4. d3 Nf6 5. O-O d6 6. c3 h6 7. b4 Bb6 8.
Nbd2 O-O 9. Re1 Ng4 10. Re2 Ne7 11. Bb3 c6 12. d4 Ng6 13. Nc4 Bc7 14. dxe5
dxe5 15. Rd2 Qe7 16. b5 cxb5 17. Ba3 Qf6 18. Nd6 Bb6 19. Qf1 Qf4 20. h3 Nh2
21. Nxh2 Qxd2 22. Rd1 Qf4 23. Nxb5 Rd8 24. Rxd8+ Bxd8 25. Nd6 Be6 26. g3
Qg5 27. Nxf7 Bxf7 28. Bxf7+ Kh7 29. Qd1 Bb6 30. Qg4 Qxg4 31. Nxg4 Rc8 32.
c4 Bc5 33. Bc1 Rc6 34. Be3 Bxe3 35. Nxe3 Ra6 36. c5 Rc6 37. Bd5 Rc7 38. Nf5
Ne7 39. Nxe7 Rxe7 40. Kg2 Rc7 41. h4 Kg6 42. Kf3 Kf6 43. Ke3 Rxc5 44. Bxb7
Rc3+ 45. Kd2 Ra3 46. Bd5 a5 47. Ke2 Ke7 48. Kf1 Kd6 49. Kg2 Kc5 50. h5 Kd4
51. Kh3 Rf3 52. Kg2 Rf8 53. Kf1 Kd3 54. Bc6 Rb8 55. Bd5 Rb2 56. a4 Rb4 57.
Bc6 Kd4 0-1

[Event "FIDE Grand Swiss 2021"]
[Site "Riga"]
[Date "31.10.2021"]
[Round "5"]
[White "Sargissian, Gabriel"]
[Black "Indjic, Aleksandar"]
[Result "1-0"]
[WhiteElo "2664"]
[BlackElo "2612"]

1. d4 Nf6 2. c4 e6 3. Nf3 c5 4. d5 d6 5. Nc3 exd5 6. cxd5 g6 7. h3 Bg7 8.
e4 O-O 9. Be3 b5 10. e5 dxe5 11. Bxb5 e4 12. Ne5 Nh5 13. Nc6 Nxc6 14. dxc6
Qa5 15. a4 a6 16. Be2 Nf6 17. O-O Be6 18. Qd6 Rfd8 19. Qxc5 Qxc5 20. Bxc5
Rdc8 21. a5 Rxc6 22. Be3 Rb8 23. Rfd1 h5 24. Rd2 Kh7 25. Ra4 Bb3 26. Rad4
Rc5 27. Rb4 Rxb4 28. Bxc5 Rb8 29. Bb6 Be6 30. Bxa6 Nd7 31. Be3 Bxc3 32.
bxc3 Rb1+ 33. Kh2 Ne5 34. Be2 Ra1 35. a6 h4 36. Rd8 Bc4 37. Bxc4 Nxc4 38.
Bd4 g5 39. a7 Nd2 40. a8=Q Nf1+ 41. Kg1 1-0

[Event "FIDE Grand Swiss 2021"]
[Site "Riga"]
[Date "31.10.2021"]
[Round "5"]
[White "Ponomariov, Ruslan"]
[Black "Sjugirov, Sanan"]
[Result "1/2-1/2"]
[WhiteElo "2631"]
[BlackElo "2663"]

1. e4 c6 2. d4 d5 3. e5 Bf5 4. c4 e6 5. Nc3 Ne7 6. a3 dxc4 7. Bxc4 Nd7 8.
Nge2 Nb6 9. Bb3 h6 10. O-O Qd7 11. Be3 Ned5 12. Ng3 Bg6 13. h4 Be7 14. h5
Bh7 15. Qg4 g5 16. Nce4 O-O-O 17. Rac1 Kb8 18. Rfd1 Rhf8 19. Qe2 f5 20.
exf6 Bxf6 21. Bc2 Be7 22. Nc5 Bxc5 23. dxc5 Bxc2 24. Qxc2 Nxe3 25. Rxd7
Nxc2 26. Rxd8+ Rxd8 27. Rxc2 Rd1+ 28. Kh2 Nd5 29. Ne4 Re1 30. Nd6 Kc7 31.
Nf7 Nf6 32. Nxh6 Nxh5 33. f3 Nf6 34. Kg3 Re5 35. Ng4 Nh5+ 36. Kf2 Rd5 37.
g3 b6 38. Ne3 Rd3 39. cxb6+ axb6 40. Nc4 Rd5 41. a4 Nf6 42. Re2 b5 43. axb5
cxb5 44. Rxe6 Ng4+ 45. fxg4 bxc4 46. Ke3 Rb5 47. Kd4 Rxb2 48. Kxc4 Rg2 49.
Rg6 1/2-1/2

[Event "FIDE Grand Swiss 2021"]
[Site "Riga"]
[Date "31.10.2021"]
[Round "5"]
[White "Grandelius, Nils"]
[Black "Dreev, Aleksey"]
[Result "1/2-1/2"]
[WhiteElo "2662"]
[BlackElo "2635"]

1. e4 c6 2. d4 d5 3. Nc3 dxe4 4. Nxe4 Nf6 5. Nxf6+ exf6 6. Be3 Qb6 7. Qe2
Be6 8. c3 Qc7 9. Nf3 Bd6 10. g3 Nd7 11. Bg2 O-O 12. O-O Rfe8 13. c4 f5 14.
Ng5 f4 15. Qc2 Nf8 16. Bd2 Qd7 17. Rfe1 Bf5 18. Qc3 fxg3 19. hxg3 Rxe1+ 20.
Rxe1 Re8 21. Rxe8 Qxe8 22. Qe3 Qxe3 23. Bxe3 Nd7 24. Ne4 Be7 25. Bf4 Nf6
26. Nd6 Bxd6 27. Bxd6 Bd3 28. c5 Bc4 29. a3 Bd5 30. Bh3 Be6 1/2-1/2

[Event "FIDE Grand Swiss 2021"]
[Site "Riga"]
[Date "31.10.2021"]
[Round "5"]
[White "Kovalev, Vladislav"]
[Black "Maghsoodloo, Parham"]
[Result "0-1"]
[WhiteElo "2634"]
[BlackElo "2701"]

1. e4 c5 2. Nf3 Nc6 3. Nc3 d6 4. d4 cxd4 5. Nxd4 Nf6 6. Bg5 e6 7. Qd2 a6 8.
O-O-O Bd7 9. f4 Be7 10. Be2 Rc8 11. Bf3 O-O 12. Nb3 Ne8 13. Bxe7 Nxe7 14.
e5 d5 15. g4 b5 16. Nd4 Qc7 17. g5 b4 18. Nce2 Qc4 19. Kb1 Nc7 20. h4 Nb5
21. Nxb5 Bxb5 22. Nd4 Nc6 23. Nxc6 Rxc6 24. f5 a5 25. Rh2 a4 26. Qe3 b3 27.
axb3 axb3 28. Qxb3 Qc5 29. Qa3 Qb6 30. f6 Qc7 31. fxg7 Rc8 32. Bh5 Rxc2 33.
Rxc2 Qxc2+ 34. Ka1 Bc6 35. Rf1 Ra8 36. Qxa8+ Bxa8 37. Bxf7+ Kxg7 38. Bxe6
Qc5 39. Rf7+ Kh8 40. Rd7 Qb6 41. Rd6 Bc6 42. h5 Qa7+ 43. Kb1 Be8 44. Bxd5
Qg1+ 45. Ka2 Qxg5 46. h6 Qxe5 47. Rd8 Qxd5+ 48. Rxd5 Bf7 0-1

[Event "FIDE Grand Swiss 2021"]
[Site "Riga"]
[Date "31.10.2021"]
[Round "5"]
[White "Xiong, Jeffery"]
[Black "Abasov, Nijat"]
[Result "1-0"]
[WhiteElo "2700"]
[BlackElo "2638"]

1. d4 d5 2. Nf3 Nf6 3. Bf4 Bf5 4. c4 e6 5. Qb3 Nbd7 6. e3 Bd6 7. Bxd6 cxd6
8. Nc3 Qa5 9. Nd2 Rc8 10. cxd5 exd5 11. Be2 O-O 12. O-O Nb6 13. a4 a6 14.
Qa3 Nc4 15. Nxc4 dxc4 16. Qxd6 Rc6 17. Qe5 Qxe5 18. dxe5 Ne4 19. Nd5 Re8
20. Rfd1 Kf8 21. f3 Nc5 22. e4 Bg6 23. a5 Rxe5 24. Nb6 c3 25. bxc3 f5 26.
f4 Re8 27. e5 Nb3 28. Ra3 Rxc3 29. Bf3 1-0

[Event "FIDE Grand Swiss 2021"]
[Site "Riga"]
[Date "31.10.2021"]
[Round "5"]
[White "Svidler, Peter"]
[Black "Kuzubov, Yuriy"]
[Result "0-1"]
[WhiteElo "2694"]
[BlackElo "2624"]

1. e4 e5 2. Bc4 Nf6 3. d3 c6 4. Nf3 d5 5. Bb3 Bb4+ 6. Bd2 Bxd2+ 7. Qxd2 a5
8. a3 O-O 9. Nc3 Re8 10. O-O Bg4 11. Ng5 h6 12. f3 Bc8 13. Nh3 Bxh3 14.
gxh3 Nbd7 15. Qf2 Nf8 16. f4 exf4 17. Qxf4 Ne6 18. Qf2 a4 19. Ba2 dxe4 20.
Nxe4 Nxe4 21. dxe4 Qe7 22. Kh1 Ra5 23. Rae1 Re5 24. c3 Rf8 25. Rg1 Kh8 26.
Bb1 Ng5 27. Qg3 f6 28. Re2 f5 29. Reg2 fxe4 30. h4 Nf3 31. Rf1 Rf6 32. Bxe4
Rxe4 33. Rxf3 Re1+ 34. Rg1 Re2 35. Rxf6 Qxf6 36. Rg2 Qf1+ 37. Rg1 Qf7 38.
Rg2 Qe7 39. Rxe2 Qxe2 40. Qb8+ Kh7 41. Qf4 Qc2 42. Qb4 b5 43. Kg1 Qe2 44.
h3 Kg6 45. Qc5 Qe4 46. Kh2 Kf7 47. Qd6 Qxh4 48. Qd7+ Qe7 49. Qxc6 Qe5+ 50.
Kg2 Qe2+ 51. Kg3 Qd3+ 52. Kh2 Qc2+ 53. Kh1 Qb1+ 54. Kh2 Qxb2+ 55. Kg3 Qe2
56. Qd7+ Kg6 57. Qc6+ Kh7 58. Qd5 Qe3+ 59. Kg4 Qg1+ 60. Kf4 Qf1+ 61. Kg3
Qc4 62. Qf5+ Kg8 63. Qe5 Qd3+ 64. Kf2 Kf7 65. h4 Qc4 66. Kg3 Qd3+ 67. Kf4
Kg8 68. h5 Qc4+ 69. Kg3 Qc6 70. Qb8+ Kh7 71. Qe5 Qd7 72. Qe4+ Kg8 73. c4
Qd6+ 74. Kh3 Qxa3+ 75. Kg4 Qc5 76. Qe8+ Qf8 77. Qxb5 Qa8 78. c5 a3 79. c6
a2 80. Qd5+ Kh8 81. c7 Qxd5 0-1